[Event "DVM U14w 2017"]
[Site "Neumünster GER"]
[Date "2017.12.28"]
[Round "3"]
[White "Delgado, Celina"]
[Black "Wolterink, Jule"]
[Result "1/2-1/2"]
[Termination "normal"]
[Board "3.3"]
[WhiteElo "1440"]
[BlackElo "1299"]
[WhiteClock "00:24:04"]
[BlackClock "00:27:40"]
[WhiteTeam "USV Halle"]
[BlackTeam "SK Nordhorn-Blanke"]
[PlyCount "96"]
[WhiteFideId "12993735"]
[BlackFideId "12981206"]
[EventCountry "GER"]
[EventRounds "7"]
[EventType "team-swiss"]
[EventDate "2017.12.26"]

1. d4 {[%clk 1:30:58]} e6 {[%clk 1:30:37]} 2. Bf4 {[%clk 1:31:16]} Nf6 {[%clk
1:30:33]} 3. e3 {[%clk 1:31:32]} d5 {[%clk 1:30:04]} 4. Nf3 {[%clk 1:31:40]}
Be7 {[%clk 1:29:41]} 5. Nbd2 {[%clk 1:31:41]} O-O {[%clk 1:29:40]} 6. c4 {[%clk
1:30:24]} c5 {[%clk 1:27:56]} 7. Bd3 {[%clk 1:29:38]} Nc6 {[%clk 1:26:18]} 8.
dxc5 {[%clk 1:22:46]} dxc4 {[%clk 1:25:06]} 9. Bxc4 {[%clk 1:22:10]} Bxc5
{[%clk 1:25:05]} 10. Bg5 {[%clk 1:20:10]} h6 {[%clk 1:11:04]} 11. Bh4 {[%clk
1:20:18]} a6 {[%clk 1:06:55]} 12. a3 {[%clk 1:11:41]} b5 {[%clk 1:05:15]} 13.
Ba2 {[%clk 1:10:44]} Bb7 {[%clk 1:02:36]} 14. Bb1 {[%clk 1:09:43]} Be7 {[%clk
0:56:09]} 15. Qc2 {[%clk 1:09:10]} g6 {[%clk 0:52:51]} 16. O-O {[%clk 1:08:21]}
Rc8 {[%clk 0:48:39]} 17. Qd1 {[%clk 1:08:06]} Qc7 {[%clk 0:44:27]} 18. Qe2
{[%clk 1:05:09]} Rfd8 {[%clk 0:41:32]} 19. Ba2 {[%clk 1:02:55]} Ne5 {[%clk
0:35:03]} 20. Rfd1 {[%clk 0:54:30]} Nd3 {[%clk 0:25:03]} 21. Nb3 {[%clk
0:51:20]} Qc2 {[%clk 0:23:27]} 22. Rd2 {[%clk 0:44:10]} Bxf3 {[%clk 0:19:25]}
23. Qxf3 {[%clk 0:30:49]} Ne5 {[%clk 0:18:50]} 24. Rxd8+ {[%clk 0:25:14]} Bxd8
{[%clk 0:16:50]} 25. Qb7 {[%clk 0:17:23]} Qc6 {[%clk 0:14:56]} 26. Qxc6 {[%clk
0:16:11]} Rxc6 {[%clk 0:14:54]} 27. Rd1 {[%clk 0:15:08]} Be7 {[%clk 0:15:06]}
28. Nd4 {[%clk 0:15:16]} Rc7 {[%clk 0:14:51]} 29. Bg3 {[%clk 0:15:29]} Bd6
{[%clk 0:14:27]} 30. Ne2 {[%clk 0:13:34]} Ne4 {[%clk 0:13:13]} 31. Bxe5 {[%clk
0:09:52]} Bxe5 {[%clk 0:13:26]} 32. Bb1 {[%clk 0:09:19]} Nf6 {[%clk 0:13:25]}
33. Rd2 {[%clk 0:09:08]} Rc6 {[%clk 0:12:29]} 34. g3 {[%clk 0:08:18]} Kg7
{[%clk 0:09:52]} 35. Kg2 {[%clk 0:06:40]} Rd6 {[%clk 0:08:43]} 36. Rxd6 {[%clk
0:03:41]} Bxd6 {[%clk 0:09:07]} 37. Bc2 {[%clk 0:03:37]} Nd5 {[%clk 0:07:55]}
38. Be4 {[%clk 0:03:14]} Be5 {[%clk 0:07:58]} 39. Bxd5 {[%clk 0:02:45]} exd5
{[%clk 0:08:20]} 40. b3 {[%clk 0:03:03]} g5 {[%clk 0:08:09]} 41. a4 {[%clk
0:02:04]} Kf6 {[%clk 0:06:53]} 42. Nc1 {[%clk 0:00:56]} Ke6 {[%clk 0:06:24]}
43. Nd3 {[%clk 0:00:57]} Bd6 {[%clk 0:06:21]} 44. Kf3 {[%clk 0:00:51]} f5
{[%clk 0:04:21]} 45. h3 {[%clk 0:00:54]} h5 {[%clk 0:03:47]} 46. g4 {[%clk
0:26:36]} h4 {[%clk 0:32:36]} 47. Nc1 {[%clk 0:24:53]} f4 {[%clk 0:28:26]} 48.
exf4 {[%clk 0:24:04]} Bxf4 {[%clk 0:27:40]} 1/2-1/2

[Event "DVM U14w 2017"]
[Site "Neumünster GER"]
[Date "2017.12.28"]
[Round "3"]
[White "Hallfarth, Luise"]
[Black "Voigt, Anastasia"]
[Result "0-1"]
[Termination "normal"]
[Board "3.4"]
[WhiteElo "1429"]
[BlackElo "1350"]
[WhiteClock "00:21:40"]
[BlackClock "00:52:36"]
[WhiteTeam "SK Nordhorn-Blanke"]
[BlackTeam "USV Halle"]
[PlyCount "104"]
[WhiteFideId "16250222"]
[BlackFideId "16235223"]
[EventCountry "GER"]
[EventRounds "7"]
[EventType "team-swiss"]
[EventDate "2017.12.26"]

1. e4 {[%clk 1:30:56]} e5 {[%clk 1:30:54]} 2. Nf3 {[%clk 1:31:19]} Nc6 {[%clk
1:31:17]} 3. Bc4 {[%clk 1:31:42]} Bc5 {[%clk 1:31:28]} 4. O-O {[%clk 1:31:58]}
Nf6 {[%clk 1:31:37]} 5. d4 {[%clk 1:32:13]} Bxd4 {[%clk 1:31:30]} 6. Nxd4
{[%clk 1:32:11]} exd4 {[%clk 1:31:46]} 7. Bg5 {[%clk 1:31:41]} O-O {[%clk
1:31:45]} 8. Nd2 {[%clk 1:29:30]} d6 {[%clk 1:31:07]} 9. h3 {[%clk 1:24:43]} h6
{[%clk 1:30:39]} 10. Bxf6 {[%clk 1:22:10]} Qxf6 {[%clk 1:30:47]} 11. Nf3 {[%clk
1:20:53]} Ne5 {[%clk 1:25:31]} 12. Be2 {[%clk 1:10:34]} Nxf3+ {[%clk 1:24:52]}
13. Bxf3 {[%clk 1:08:36]} Be6 {[%clk 1:23:23]} 14. Re1 {[%clk 1:07:09]} c5
{[%clk 1:22:11]} 15. Qe2 {[%clk 1:05:51]} Qg6 {[%clk 1:20:07]} 16. g4 {[%clk
1:02:54]} Rad8 {[%clk 1:16:49]} 17. Bg2 {[%clk 0:55:50]} Qg5 {[%clk 1:11:32]}
18. e5 {[%clk 0:50:03]} b6 {[%clk 1:09:59]} 19. a3 {[%clk 0:40:31]} h5 {[%clk
1:08:42]} 20. Qe4 {[%clk 0:38:03]} hxg4 {[%clk 1:07:39]} 21. hxg4 {[%clk
0:28:34]} Bxg4 {[%clk 1:07:22]} 22. f4 {[%clk 0:27:44]} Qf5 {[%clk 1:06:54]}
23. Qxf5 {[%clk 0:27:34]} Bxf5 {[%clk 1:07:12]} 24. Rac1 {[%clk 0:27:00]} Rfe8
{[%clk 1:07:12]} 25. Kf2 {[%clk 0:25:13]} dxe5 {[%clk 1:07:23]} 26. fxe5 {[%clk
0:25:32]} d3 {[%clk 1:06:24]} 27. cxd3 {[%clk 0:25:48]} Rxd3 {[%clk 1:06:42]}
28. Be4 {[%clk 0:24:46]} Bxe4 {[%clk 1:06:11]} 29. Rxe4 {[%clk 0:25:08]} Rd2+
{[%clk 1:06:28]} 30. Kf3 {[%clk 0:25:04]} Rxb2 {[%clk 1:06:41]} 31. Rh1 {[%clk
0:25:13]} Rb3+ {[%clk 1:06:46]} 32. Kf2 {[%clk 0:25:18]} Rxa3 {[%clk 1:06:51]}
33. Reh4 {[%clk 0:25:37]} Kf8 {[%clk 1:05:44]} 34. Rh5 {[%clk 0:24:30]} c4
{[%clk 1:05:47]} 35. Rf5 {[%clk 0:24:02]} Re6 {[%clk 1:05:01]} 36. Rh8+ {[%clk
0:24:02]} Ke7 {[%clk 1:05:01]} 37. Rh7 {[%clk 0:24:17]} Rg6 {[%clk 1:05:03]}
38. Rf4 {[%clk 0:23:30]} c3 {[%clk 1:05:04]} 39. Rc4 {[%clk 0:23:42]} Ra2+
{[%clk 1:04:51]} 40. Kf3 {[%clk 0:23:44]} c2 {[%clk 1:04:56]} 41. Kf4 {[%clk
0:24:06]} Kd7 {[%clk 1:02:51]} 42. Rh1 {[%clk 0:22:52]} c1=Q+ {[%clk 1:00:00]}
43. Rhxc1 {[%clk 0:23:02]} Rd2 {[%clk 0:53:52]} 44. Kf5 {[%clk 0:22:17]} Rf2+
{[%clk 0:53:33]} 45. Ke4 {[%clk 0:22:07]} Rg4+ {[%clk 0:53:37]} 46. Ke3 {[%clk
0:21:09]} Rxc4 {[%clk 0:53:28]} 47. Rxc4 {[%clk 0:21:31]} Rh2 {[%clk 0:52:48]}
48. Rd4+ {[%clk 0:20:54]} Ke6 {[%clk 0:52:35]} 49. Kf4 {[%clk 0:20:43]} Rf2+
{[%clk 0:52:06]} 50. Ke3 {[%clk 0:21:00]} Rf5 {[%clk 0:52:11]} 51. Re4 {[%clk
0:21:20]} Rxe5 {[%clk 0:52:21]} 52. Rxe5+ {[%clk 0:21:40]} Kxe5 {[%clk
0:52:36]} 0-1

[Event "DVM U14w 2017"]
[Site "Neumünster GER"]
[Date "2017.12.28"]
[Round "3"]
[White "Wagner, Victoria"]
[Black "Bui, Ngoc Han Julia"]
[Result "1-0"]
[Termination "normal"]
[Board "4.1"]
[WhiteElo "1560"]
[BlackElo "1832"]
[WhiteClock "00:40:36"]
[BlackClock "00:24:41"]
[WhiteTeam "Erfurter SK"]
[BlackTeam "SG Leipzig"]
[PlyCount "45"]
[WhiteFideId "16232348"]
[BlackFideId "12977055"]
[EventCountry "GER"]
[EventRounds "7"]
[EventType "team-swiss"]
[EventDate "2017.12.26"]

1. e4 {[%clk 1:30:57]} c5 {[%clk 1:30:49]} 2. Nf3 {[%clk 1:31:19]} d6 {[%clk
1:31:11]} 3. d4 {[%clk 1:31:43]} cxd4 {[%clk 1:31:37]} 4. Nxd4 {[%clk 1:32:08]}
Nf6 {[%clk 1:32:01]} 5. Nc3 {[%clk 1:32:31]} a6 {[%clk 1:32:08]} 6. f3 {[%clk
1:32:37]} e6 {[%clk 1:32:07]} 7. Be3 {[%clk 1:32:27]} b5 {[%clk 1:31:52]} 8.
Qd2 {[%clk 1:32:13]} Nbd7 {[%clk 1:30:48]} 9. O-O-O {[%clk 1:29:12]} Bb7 {[%clk
1:29:44]} 10. g4 {[%clk 1:29:14]} Nb6 {[%clk 1:29:51]} 11. g5 {[%clk 1:21:15]}
Nfd7 {[%clk 1:30:13]} 12. h4 {[%clk 1:16:53]} b4 {[%clk 1:25:40]} 13. Nb1
{[%clk 1:13:28]} d5 {[%clk 1:25:45]} 14. Qg2 {[%clk 1:08:33]} Ne5 {[%clk
1:06:54]} 15. Nd2 {[%clk 1:03:05]} Rc8 {[%clk 0:59:57]} 16. h5 {[%clk 0:52:03]}
Nec4 {[%clk 0:35:01]} 17. Nxc4 {[%clk 0:49:53]} Nxc4 {[%clk 0:35:21]} 18. Bxc4
{[%clk 0:50:14]} Rxc4 {[%clk 0:35:24]} 19. g6 {[%clk 0:48:47]} e5 {[%clk
0:30:15]} 20. gxf7+ {[%clk 0:47:36]} Kxf7 {[%clk 0:30:17]} 21. Nf5 {[%clk
0:45:06]} d4 {[%clk 0:25:29]} 22. Rhg1 {[%clk 0:41:48]} Rg8 {[%clk 0:24:41]}
23. Nh6+ {[%clk 0:40:36]} 1-0

[Event "DVM U14w 2017"]
[Site "Neumünster GER"]
[Date "2017.12.28"]
[Round "3"]
[White "Oswald, Hannah"]
[Black "Günther, Amelie"]
[Result "0-1"]
[Termination "normal"]
[Board "4.2"]
[WhiteElo "1637"]
[BlackElo "1467"]
[WhiteClock "00:08:13"]
[BlackClock "00:17:57"]
[WhiteTeam "SG Leipzig"]
[BlackTeam "Erfurter SK"]
[PlyCount "52"]
[WhiteFideId "16214960"]
[BlackFideId "12995630"]
[EventCountry "GER"]
[EventRounds "7"]
[EventType "team-swiss"]
[EventDate "2017.12.26"]

1. e4 {[%clk 1:30:56]} d5 {[%clk 1:30:57]} 2. exd5 {[%clk 1:31:08]} Qxd5 {[%clk
1:31:23]} 3. Nc3 {[%clk 1:31:17]} Qa5 {[%clk 1:31:48]} 4. d4 {[%clk 1:30:32]}
Nf6 {[%clk 1:32:12]} 5. Bd2 {[%clk 1:23:49]} Bg4 {[%clk 1:32:05]} 6. f3 {[%clk
1:21:03]} Bh5 {[%clk 1:32:18]} 7. Bc4 {[%clk 1:10:14]} Qb6 {[%clk 1:29:16]} 8.
Nge2 {[%clk 1:06:32]} e6 {[%clk 1:13:40]} 9. Bb3 {[%clk 0:57:29]} Nc6 {[%clk
1:05:53]} 10. Be3 {[%clk 0:50:44]} O-O-O {[%clk 1:02:13]} 11. Qd2 {[%clk
0:45:25]} Be7 {[%clk 0:56:52]} 12. O-O-O {[%clk 0:42:54]} Rd7 {[%clk 0:55:02]}
13. Qe1 {[%clk 0:36:44]} Rhd8 {[%clk 0:53:13]} 14. Qf2 {[%clk 0:35:46]} Qa5
{[%clk 0:46:06]} 15. Ba4 {[%clk 0:30:48]} Rd6 {[%clk 0:40:57]} 16. Kb1 {[%clk
0:24:48]} Nb4 {[%clk 0:36:55]} 17. Bf4 {[%clk 0:22:28]} Rb6 {[%clk 0:31:10]}
18. Bb3 {[%clk 0:15:34]} Nbd5 {[%clk 0:28:27]} 19. Bd2 {[%clk 0:12:24]} Nxc3+
{[%clk 0:24:00]} 20. Bxc3 {[%clk 0:11:59]} Bb4 {[%clk 0:22:58]} 21. Rhe1 {[%clk
0:10:26]} Nd5 {[%clk 0:21:51]} 22. Bxb4 {[%clk 0:10:18]} Qxb4 {[%clk 0:21:11]}
23. c3 {[%clk 0:08:44]} Qa5 {[%clk 0:19:37]} 24. Qg3 {[%clk 0:08:21]} Bg6+
{[%clk 0:18:37]} 25. Kc1 {[%clk 0:08:40]} Ne3 {[%clk 0:18:40]} 26. Rd2 {[%clk
0:08:13]} Qf5 {[%clk 0:17:57]} 0-1

[Event "DVM U14w 2017"]
[Site "Neumünster GER"]
[Date "2017.12.28"]
[Round "3"]
[White "Wagner, Margarethe"]
[Black "Fege, Astrid"]
[Result "1-0"]
[Termination "normal"]
[Board "4.3"]
[WhiteElo "1490"]
[BlackElo "1239"]
[WhiteClock "00:18:00"]
[BlackClock "00:20:45"]
[WhiteTeam "Erfurter SK"]
[BlackTeam "SG Leipzig"]
[PlyCount "61"]
[WhiteFideId "16236947"]
[BlackFideId "16217152"]
[EventCountry "GER"]
[EventRounds "7"]
[EventType "team-swiss"]
[EventDate "2017.12.26"]

1. e4 {[%clk 1:30:58]} c5 {[%clk 1:30:55]} 2. Nf3 {[%clk 1:31:15]} d6 {[%clk
1:31:20]} 3. d4 {[%clk 1:31:26]} cxd4 {[%clk 1:31:45]} 4. Nxd4 {[%clk 1:31:46]}
Nf6 {[%clk 1:32:11]} 5. Nc3 {[%clk 1:31:26]} g6 {[%clk 1:32:30]} 6. Be3 {[%clk
1:31:00]} Bg7 {[%clk 1:32:49]} 7. f3 {[%clk 1:30:03]} O-O {[%clk 1:32:48]} 8.
Qd2 {[%clk 1:29:56]} Nc6 {[%clk 1:33:06]} 9. O-O-O {[%clk 1:28:48]} Nxd4 {[%clk
1:33:12]} 10. Bxd4 {[%clk 1:28:37]} Be6 {[%clk 1:33:28]} 11. g4 {[%clk
1:24:10]} Qc7 {[%clk 1:32:15]} 12. h4 {[%clk 1:20:44]} Rfc8 {[%clk 1:28:46]}
13. Bd3 {[%clk 1:08:20]} Qa5 {[%clk 1:26:45]} 14. a3 {[%clk 1:04:17]} a6 {[%clk
1:15:03]} 15. Qe3 {[%clk 0:57:05]} Rc6 {[%clk 1:10:18]} 16. h5 {[%clk 0:49:49]}
b5 {[%clk 1:05:58]} 17. hxg6 {[%clk 0:45:25]} fxg6 18. e5 {[%clk 0:36:14]} Nd5
{[%clk 0:42:08]} 19. Nxd5 {[%clk 0:35:30]} Bxd5 20. Rh3 {[%clk 0:31:31]} b4
{[%clk 0:33:36]} 21. axb4 {[%clk 0:26:11]} Qxb4 {[%clk 0:29:39]} 22. Be4 {[%clk
0:23:45]} Bxe4 {[%clk 0:26:08]} 23. Qxe4 {[%clk 0:24:05]} Rcc8 {[%clk 0:25:33]}
24. Qd5+ {[%clk 0:23:48]} Kf8 {[%clk 0:25:35]} 25. Rxh7 {[%clk 0:22:51]} Qa4
{[%clk 0:24:25]} 26. Qe4 {[%clk 0:21:36]} Rc4 {[%clk 0:22:51]} 27. Qxa8+ {[%clk
0:21:04]} Kf7 {[%clk 0:22:08]} 28. e6+ {[%clk 0:19:45]} Kxe6 {[%clk 0:22:28]}
29. Qe4+ {[%clk 0:17:53]} Be5 {[%clk 0:21:39]} 30. Qxg6+ {[%clk 0:17:49]} Bf6
{[%clk 0:20:45]} 31. Qf5# {[%clk 0:18:00]} 1-0

[Event "DVM U14w 2017"]
[Site "Neumünster GER"]
[Date "2017.12.28"]
[Round "3"]
[White "Hausmann, Helene"]
[Black "Westerhoff, Emily"]
[Result "0-1"]
[Termination "normal"]
[Board "4.4"]
[WhiteElo "1009"]
[BlackElo "879"]
[WhiteClock "01:12:38"]
[BlackClock "01:35:52"]
[WhiteTeam "SG Leipzig"]
[BlackTeam "Erfurter SK"]
[PlyCount "80"]
[WhiteFideId "16255747"]
[BlackFideId "16255798"]
[EventCountry "GER"]
[EventRounds "7"]
[EventType "team-swiss"]
[EventDate "2017.12.26"]

1. e4 {[%clk 1:30:57]} c5 {[%clk 1:30:52]} 2. Nf3 {[%clk 1:31:21]} Nc6 {[%clk
1:31:15]} 3. Nc3 {[%clk 1:30:59]} g6 {[%clk 1:31:08]} 4. Bc4 {[%clk 1:31:11]}
Bg7 {[%clk 1:30:54]} 5. O-O {[%clk 1:31:33]} d6 {[%clk 1:30:57]} 6. d3 {[%clk
1:31:32]} Nf6 {[%clk 1:31:16]} 7. Be3 {[%clk 1:31:45]} O-O {[%clk 1:31:27]} 8.
Qd2 {[%clk 1:32:11]} Re8 {[%clk 1:31:18]} 9. Bh6 {[%clk 1:32:23]} Bh8 {[%clk
1:31:18]} 10. Ng5 {[%clk 1:30:06]} e6 {[%clk 1:31:19]} 11. Rfe1 {[%clk
1:29:18]} a6 {[%clk 1:31:13]} 12. Qf4 {[%clk 1:27:13]} b5 {[%clk 1:30:57]} 13.
Bb3 {[%clk 1:27:23]} Ra7 {[%clk 1:30:30]} 14. g3 {[%clk 1:24:24]} e5 {[%clk
1:30:03]} 15. Bxf7+ {[%clk 1:24:32]} Rxf7 {[%clk 1:30:26]} 16. Nxf7 {[%clk
1:24:53]} Kxf7 {[%clk 1:30:51]} 17. Qf3 {[%clk 1:24:49]} Bg4 {[%clk 1:30:58]}
18. Qe3 {[%clk 1:24:13]} Nd4 {[%clk 1:31:10]} 19. Rac1 {[%clk 1:22:01]} Nf3+
{[%clk 1:31:22]} 20. Kg2 {[%clk 1:20:09]} Nxe1+ {[%clk 1:31:45]} 21. Rxe1
{[%clk 1:20:33]} Qd7 {[%clk 1:31:41]} 22. Rf1 {[%clk 1:19:51]} Bh3+ {[%clk
1:31:58]} 23. Kg1 {[%clk 1:19:13]} Bxf1 {[%clk 1:32:21]} 24. Kxf1 {[%clk
1:19:09]} Qh3+ {[%clk 1:32:35]} 25. Ke1 {[%clk 1:19:06]} Ng4 {[%clk 1:32:52]}
26. Qf3+ {[%clk 1:18:38]} Kg8 {[%clk 1:33:13]} 27. Bg5 Rf8 {[%clk 1:33:11]} 28.
Qe2 {[%clk 1:15:10]} Rxf2 {[%clk 1:33:08]} 29. Be3 {[%clk 1:12:29]} Rxe2+
{[%clk 1:33:26]} 30. Nxe2 {[%clk 1:12:24]} Nxe3 {[%clk 1:33:45]} 31. Kf2 {[%clk
1:12:15]} Ng4+ {[%clk 1:33:56]} 32. Ke1 {[%clk 1:12:00]} Nxh2 {[%clk 1:33:57]}
33. Kf2 {[%clk 1:11:55]} Qf1+ {[%clk 1:34:17]} 34. Ke3 {[%clk 1:12:12]} Ng4+
{[%clk 1:34:36]} 35. Kd2 {[%clk 1:12:27]} Bg7 {[%clk 1:34:56]} 36. c4 {[%clk
1:12:09]} Bh6+ {[%clk 1:35:18]} 37. Kc2 {[%clk 1:12:08]} Qxe2+ {[%clk 1:35:33]}
38. Kc3 {[%clk 1:12:19]} Bc1 {[%clk 1:35:52]} 39. cxb5 {[%clk 1:12:38]} Qxb2+
40. Kc4 Ne3# 0-1

[Event "DVM U14w 2017"]
[Site "Neumünster GER"]
[Date "2017.12.28"]
[Round "3"]
[White "Garbuz, Nicole"]
[Black "Fricke, Edna Marlene"]
[Result "1-0"]
[Termination "normal"]
[Board "5.1"]
[WhiteElo "1641"]
[BlackElo "1410"]
[WhiteTeam "SF Brackel"]
[BlackTeam "SV SF Friedrichshagen"]
[PlyCount "101"]
[WhiteFideId "12990701"]
[BlackFideId "12988839"]
[EventCountry "GER"]
[EventRounds "7"]
[EventType "team-swiss"]
[EventDate "2017.12.26"]

1. f4 c5 2. b3 e6 3. Nf3 Nc6 4. Bb2 d5 5. e3 Nf6 6. Bb5 Bd7 7. Bxc6 Bxc6 8. O-O
Bd6 9. Ne5 Bb5 10. d3 O-O 11. Nd2 Nd7 12. Qg4 Qe7 13. Nxd7 f5 14. Qxg7+ Qxg7
15. Bxg7 Kxg7 16. Nxf8 Rxf8 17. Rf3 Kf6 18. Rh3 Rh8 19. Rh6+ Kf7 20. Nf3 Ke7
21. Ng5 Bd7 22. Rxh7+ Rxh7 23. Nxh7 d4 24. exd4 Bxf4 25. dxc5 Be3+ 26. Kf1 Bxc5
27. Ng5 Bd4 28. Re1 Kf6 29. Nf3 Bc3 30. Re2 Bb5 31. Nd2 Be8 32. Nb1 Bb4 33. Re3
Bd6 34. h3 Bc6 35. c4 Bf4 36. Re2 a6 37. Nc3 Bd6 38. a4 Bb4 39. Nd1 b5 40. axb5
axb5 41. Nf2 Bc5 42. Ra2 Bb4 43. Ra6 Bd7 44. cxb5 Bc5 45. b6 Bc8 46. Ra8 Bb7
47. Ra5 Bd6 48. g4 f4 49. Ne4+ Bxe4 50. dxe4 e5 51. b7 1-0

[Event "DVM U14w 2017"]
[Site "Neumünster GER"]
[Date "2017.12.28"]
[Round "3"]
[White "Kirschner, Elena"]
[Black "Wastian, Mareike"]
[Result "0-1"]
[Termination "normal"]
[Board "5.2"]
[WhiteElo "1346"]
[BlackElo "1660"]
[WhiteTeam "SV SF Friedrichshagen"]
[BlackTeam "SF Brackel"]
[PlyCount "70"]
[WhiteFideId "16205804"]
[BlackFideId "12947423"]
[EventCountry "GER"]
[EventRounds "7"]
[EventType "team-swiss"]
[EventDate "2017.12.26"]

1. e4 d5 2. exd5 Nf6 3. d4 Bg4 4. Nf3 Qxd5 5. Be2 Nc6 6. c4 Qf5 7. h3 Bxf3 8.
Bxf3 e6 9. O-O Be7 10. Qa4 O-O 11. Bxc6 bxc6 12. Qxc6 Bd6 13. Qa4 c5 14. Be3
cxd4 15. Bxd4 Qf4 16. Rd1 Qh2+ 17. Kf1 Qh1+ 18. Ke2 Qxg2 19. Nc3 Ne4 20. Qc2
Ng3+ 21. Ke3 Nf5+ 22. Ke2 Bf4 23. Ne4 Rfd8 24. Bc5 Nh4 25. Rg1 Qf3+ 26. Ke1
Ng2+ 27. Kf1 Ne3+ 28. Bxe3 Bxe3 29. Rg3 Qh1+ 30. Rg1 Qxh3+ 31. Ke2 Bh6 32. Nf6+
Kf8 33. Nxh7+ Ke7 34. Ng5 Qh5+ 35. Kf1 Bxg5 0-1

[Event "DVM U14w 2017"]
[Site "Neumünster GER"]
[Date "2017.12.28"]
[Round "3"]
[White "Bünte, Kirsten"]
[Black "Kessen, Fanny"]
[Result "1-0"]
[Termination "normal"]
[Board "5.3"]
[WhiteElo "1433"]
[BlackElo "1203"]
[WhiteTeam "SF Brackel"]
[BlackTeam "SV SF Friedrichshagen"]
[PlyCount "139"]
[WhiteFideId "16200535"]
[BlackFideId "16217357"]
[EventCountry "GER"]
[EventRounds "7"]
[EventType "team-swiss"]
[EventDate "2017.12.26"]

1. d4 d5 2. c4 e6 3. Nc3 c5 4. Nf3 Nc6 5. cxd5 exd5 6. dxc5 d4 7. Na4 b5 8.
cxb6 axb6 9. b3 b5 10. Nb2 Bc5 11. Nd3 Ba7 12. g3 Nge7 13. Bg2 O-O 14. O-O Bb7
15. Nf4 Qd7 16. Bb2 Rfd8 17. a3 Rac8 18. Qd3 Qf5 19. Rac1 Qxd3 20. Nxd3 Nf5 21.
Rfe1 h6 22. h3 Ba8 23. Red1 Re8 24. Kf1 Rcd8 25. g4 Nfe7 26. Rc2 Ng6 27. b4 Nf8
28. Nc5 Ne6 29. Nxe6 Rxe6 30. Ne1 Rf6 31. Nd3 Rfd6 32. Kg1 Kf8 33. Rdc1 Ne7 34.
Bxa8 Rxa8 35. Kf1 Bb6 36. Rd1 Rad8 37. Ke1 Ng6 38. Rdc1 Ne7 39. Kd2 Kg8 40. Kd1
Rd5 41. Ra1 Ra8 42. Ke1 h5 43. Nf4 Rg5 44. f3 hxg4 45. hxg4 Nd5 46. Nxd5 Rxd5
47. Rd1 Re8 48. Rcd2 Red8 49. Rd3 Ra8 50. Bxd4 Bxd4 51. Rxd4 Rxd4 52. Rxd4 Rxa3
53. Rd5 Rb3 54. Rxb5 Kf8 55. Rb7 Ke8 56. Kd2 Rb2+ 57. Kd3 g6 58. e3 Rb3+ 59.
Kd4 Rb1 60. Ke5 Rc1 61. e4 Rc4 62. b5 Rc8 63. b6 Kf8 64. Rc7 Rb8 65. b7 Kg7 66.
Kd6 Rd8+ 67. Kc6 Re8 68. Rd7 Rb8 69. Kc7 Rxb7+ 70. Kxb7 1-0

[Event "DVM U14w 2017"]
[Site "Neumünster GER"]
[Date "2017.12.28"]
[Round "3"]
[White "Doll, Rebecca"]
[Black "Ziegenfuß, Antonia"]
[Result "1/2-1/2"]
[Termination "normal"]
[Board "6.1"]
[WhiteElo "1496"]
[BlackElo "1834"]
[WhiteTeam "Karlsruher SF"]
[BlackTeam "OSG Baden-Baden"]
[PlyCount "84"]
[WhiteFideId "16236890"]
[BlackFideId "12962554"]
[EventCountry "GER"]
[EventRounds "7"]
[EventType "team-swiss"]
[EventDate "2017.12.26"]

1. e4 c5 2. c3 Nf6 3. e5 Nd5 4. Bc4 e6 5. d4 cxd4 6. Bxd5 exd5 7. Qxd4 Qa5 8.
b4 Qb5 9. a4 Qc6 10. Nf3 d6 11. O-O Be6 12. Re1 Qc7 13. Na3 Nc6 14. Nb5 Qb8 15.
Qf4 dxe5 16. Nxe5 Nxe5 17. Qxe5 Qxe5 18. Rxe5 Kd7 19. Bd2 a6 20. Nd4 Bd6 21.
Re2 Rhe8 22. Rae1 Rac8 23. f4 g6 24. f5 Bxf5 25. Rxe8 Rxe8 26. Rxe8 Kxe8 27.
Nxf5 gxf5 28. g3 Ke7 29. Kf2 Ke6 30. Ke3 Be5 31. Kd3 h5 32. Bf4 h4 33. c4 hxg3
34. hxg3 dxc4+ 35. Kxc4 Kd6 36. b5 axb5+ 37. Kxb5 Bxf4 38. gxf4 Kc7 39. a5 f6
40. Kc5 Kd7 41. Kd5 Ke7 42. Kc5 Kd7 1/2-1/2

[Event "DVM U14w 2017"]
[Site "Neumünster GER"]
[Date "2017.12.28"]
[Round "3"]
[White "Visvikis, Kassandra"]
[Black "Schulz, Hannah"]
[Result "1-0"]
[Termination "normal"]
[Board "6.2"]
[WhiteElo "1473"]
[BlackElo "1478"]
[WhiteTeam "OSG Baden-Baden"]
[BlackTeam "Karlsruher SF"]
[PlyCount "91"]
[WhiteFideId "36052167"]
[BlackFideId "16244745"]
[EventCountry "GER"]
[EventRounds "7"]
[EventType "team-swiss"]
[EventDate "2017.12.26"]

1. e4 c6 2. d4 d5 3. exd5 cxd5 4. Bd3 Nc6 5. Nf3 Bg4 6. c3 Qc7 7. Nbd2 e5 8.
dxe5 Nxe5 9. Qa4+ Bd7 10. Qd4 Nxd3+ 11. Qxd3 Nf6 12. O-O Bd6 13. Re1+ Be7 14.
Nf1 h6 15. Ng3 a6 16. Qe3 Be6 17. Nd4 O-O 18. Nxe6 fxe6 19. Qxe6+ Rf7 20. Qh3
Bc5 21. Be3 Bxe3 22. Rxe3 Qb6 23. Re2 d4 24. cxd4 Qxd4 25. Rae1 b5 26. Nf5 Qa4
27. Ne7+ Kh8 28. Ng6+ Kg8 29. b3 Qb4 30. Qf3 Rd8 31. Ne7+ Rxe7 32. Rxe7 Rd7 33.
Qe2 Rd2 34. Qe6+ Kh8 35. Qc8+ Kh7 36. Qf5+ Kg8 37. Re8+ Kf7 38. Qe6+ Kg6 39.
Re7 Qf4 40. Qf7+ Kg5 41. Qxg7+ Kh5 42. R7e5+ Qxe5 43. Rxe5+ Kh4 44. Qxf6+ Kg4
45. Re4+ Kh5 46. Qf5# 1-0

[Event "DVM U14w 2017"]
[Site "Neumünster GER"]
[Date "2017.12.28"]
[Round "3"]
[White "Chung, Dana"]
[Black "Martin, Anastasia"]
[Result "1-0"]
[Termination "normal"]
[Board "6.3"]
[WhiteElo "1282"]
[BlackElo "1287"]
[WhiteTeam "Karlsruher SF"]
[BlackTeam "OSG Baden-Baden"]
[PlyCount "123"]
[WhiteFideId "16235290"]
[BlackFideId "36098434"]
[EventCountry "GER"]
[EventRounds "7"]
[EventType "team-swiss"]
[EventDate "2017.12.26"]

1. d4 d5 2. c4 e5 3. dxe5 d4 4. Nf3 Nc6 5. Bf4 Bb4+ 6. Nbd2 Nge7 7. a3 Bxd2+ 8.
Qxd2 O-O 9. Rd1 Ng6 10. Bg3 Re8 11. Nxd4 Ncxe5 12. e3 c5 13. Nb3 Qxd2+ 14. Rxd2
b6 15. Be2 Be6 16. O-O Nxc4 17. Rc2 Nxe3 18. fxe3 Bxb3 19. Rc3 Bd5 20. Rd1 Rad8
21. Bc7 Rc8 22. Bb5 Re4 23. Bd6 Bc6 24. Be2 Ne5 25. Rd2 Rd8 26. b3 h6 27. Bd1
b5 28. Bc2 b4 29. axb4 cxb4 30. Rxc6 Nxc6 31. Bxe4 Na5 32. Rd3 g6 33. Bc7 Rxd3
34. Bxd3 Nxb3 35. Bd6 a5 36. Bc4 Nd2 37. Bd5 b3 38. Ba3 a4 39. Bc1 Nb1 40. e4
Kf8 41. Kf2 Ke7 42. Ke3 f5 43. e5 Nc3 44. Bf3 Ke6 45. Kd3 Nb5 46. Kc4 b2 47.
Bxb2 a3 48. Bd5+ Ke7 49. Ba1 Nc7 50. Bc6 Ne6 51. Kb4 Nd8 52. Bd5 g5 53. Kxa3 g4
54. Bc3 h5 55. Bd2 Ne6 56. Bb4+ Kf7 57. Kb3 h4 58. Kc2 f4 59. Kd3 f3 60. gxf3
g3 61. hxg3 hxg3 62. Ke2 1-0